[Event "Guelph Winter Pro-Am U2000"]
[Site "Guelph"]
[Date "2012.02.12"]
[Round "4"]
[White "Chuchin, Sasha"]
[Black "Yu, Patrick"]
[Result "0-1"]
[WhiteElo "1650"]
[BlackElo "1699"]
[PlyCount "140"]
[EventDate "2012.02.10"]
[EventType "swiss"]
[EventRounds "5"]
[EventCountry "CAN"]
[SourceTitle "EXT 2022"]
[Source "ChessBase"]
[SourceDate "2021.10.06"]
[SourceVersion "1"]
[SourceVersionDate "2021.10.06"]
[SourceQuality "1"]

1. e4 c5 2. Nf3 d6 3. d4 cxd4 4. Nxd4 Nf6 5. Nc3 a6 6. Be2 e5 7. Nf3 h6 8. h3 Be6 9. Be3 Be7 10. 0-0 0-0 11. Nd2 Nc6 12. Bc4 d5 13. exd5 Bxd5 14. Nxd5 Nxd5 15. Nb3 Nxe3 16. fxe3 Qb6 17. Qf3 Bf6 18. c3 Rad8 19. Bd5 Rfe8 20. Bxc6 bxc6 21. Rad1 Rxd1 22. Rxd1 Bg5 23. Re1 Rd8 24. Qe4 Qb5 25. Rf1 Qd3 26. Qxd3 Rxd3 27. e4 Re3 28. Nc5 Re2 29. Nxa6 Rxb2 30. Nb4 c5 31. Nd3 Rxa2 32. Rf3 Re2 33. Nxe5 Bf6 34. Nd7 Be7 35. e5 Bd8 36. Kf1 Re4 37. Kf2 Ba5 38. Nxc5 Bb6 39. Rd3 Bxc5+ 40. Kf3 Rxe5 41. c4 Kf8 42. Kf4 f6 43. Rd7 Re7 44. Rd5 Rc7 45. Kf5 Kf7 46. Rd3 g6+ 47. Kg4 Bb4 48. Rd4 Rc5 49. Kf3 Ke6 50. Re4+ Re5 51. Rd4 Bc5 52. Rd3 f5 53. g4 Re4 54. Rc3 Ke5 55. gxf5 gxf5 56. Rc1 Re3+ 57. Kg2 Ke4 58. Ra1 f4 59. Ra5 Kd4 60. Ra6 f3+ 61. Kf2 Kxc4 62. Kf1 f2 63. Ra1 Rg3 64. Rc1+ Kd5 65. Rd1+ Kc6 66. Ke2 Rg1 67. Rf1 Rxf1 68. Kxf1 Kd5 69. Ke2 Ke4 70. h4 h5 0-1

[Event "CAN-ch U14"]
[Site "Richmond Hill"]
[Date "2011.07.06"]
[Round "2"]
[White "Fu, James"]
[Black "Yu, Patrick"]
[Result "1-0"]
[WhiteElo "2028"]
[BlackElo "1796"]
[PlyCount "47"]
[EventDate "2011.07.06"]
[EventType "swiss"]
[EventRounds "7"]
[EventCountry "CAN"]
[SourceTitle "EXT 2022"]
[Source "ChessBase"]
[SourceDate "2021.10.06"]
[SourceVersion "1"]
[SourceVersionDate "2021.10.06"]
[SourceQuality "1"]

1. e4 c5 2. Nc3 d6 3. g3 Nf6 4. Bg2 e5 5. Nge2 Be7 6. 0-0 0-0 7. d3 Nc6 8. h3 Be6 9. f4 Nd4 10. Kh2 Bd7 11. a4 a6 12. Nd5 Nxd5 13. exd5 Bf6 14. Nc3 b5 15. a5 b4 16. Ne4 Nb5 17. f5 Rc8 18. g4 h6 19. Bd2 Qe7 20. Qc1 Kh7 21. Nxf6+ gxf6 22. Bxh6 Rg8 23. Be4 Kh8 24. Qe1 1-0